[Event "World Cup"]
[Site "Khanty-Mansiysk RUS"]
[Date "2007.11.30"]
[Round "3.1"]
[White "Ivanchuk,V"]
[Black "Nisipeanu,LD"]
[Result "1/2-1/2"]
[WhiteElo "2787"]
[BlackElo "2668"]
[EventDate "2007.11.24"]

1. d4 Nf6 2. Nf3 c5 3. d5 e6 4. c4 b5 5. Bg5 exd5 6. cxd5 d6 7. e4 a6 8.
Nbd2 Be7 9. Bf4 O-O 10. a4 bxa4 11. Bd3 Bd7 12. O-O Bb5 13. Qe2 Nbd7 14.
Bxb5 axb5 15. Qxb5 Rb8 16. Qd3 Rb4 17. Nc4 Nb6 18. Nfd2 Qc7 19. Rfc1 Rd8
20. Ra2 h6 21. g3 Nfd7 22. h4 Nxc4 23. Nxc4 Nb6 24. Bd2 Rb3 25. Bc3 Bf6 26.
Nxb6 Qxb6 27. Rxa4 Bxc3 28. bxc3 Re8 29. Rca1 Qd8 30. Qc2 Rb7 31. Ra7 Rxa7
32. Rxa7 Qf6 33. Qd3 g5 34. h5 Kg7 35. Rd7 g4 36. Qe3 Qe5 37. Qe2 Qxe4 38.
Qxe4 Rxe4 39. Rxd6 Rc4 40. Kf1 Rxc3 41. Rc6 c4 42. d6 Rd3 43. Rxc4 Rxd6 44.
Rxg4+ Kh7 45. Kg2 Rd5 46. Rf4 Kg7 47. g4 Ra5 48. Kg3 Rb5 49. Rf5 Rb3+ 50.
f3 Ra3 51. Re5 Rb3 52. Kf4 Ra3 53. Ke4 Ra4+ 54. Kf5 Ra3 55. f4 Rh3 56. Ra5
Rh2 57. Ra1 Rh4 58. Rg1 Rh2 59. Ke4 Rh3 60. Rg2 Kh7 61. Re2 Kg7 62. Re1 Kf6
63. Re3 Rh1 64. Kf3 Kg7 65. Kg2 Ra1 66. Re5 Ra2+ 67. Kg3 Ra3+ 68. Kf2 Rh3
69. Kg2 Rh4 70. Kg3 Rh1 71. Re2 Rg1+ 72. Rg2 Rh1 73. Rh2 Ra1 74. g5 hxg5
75. h6+ Kg6 76. fxg5 Ra8 77. Kg4 Ra4+ 78. Kf3 Ra8 79. Rg2 f6 80. gxf6+ Kxf6
1/2-1/2

[Event "World Cup"]
[Site "Khanty-Mansiysk RUS"]
[Date "2007.11.30"]
[Round "3.1"]
[White "Macieja,B"]
[Black "Sasikiran,K"]
[Result "1/2-1/2"]
[WhiteElo "2606"]
[BlackElo "2661"]
[EventDate "2007.11.24"]

1. d4 d5 2. Nf3 Nf6 3. c4 c6 4. Nc3 dxc4 5. a4 Bf5 6. Ne5 Nbd7 7. Nxc4 Qc7
8. g3 e5 9. dxe5 Nxe5 10. Bf4 Nfd7 11. Bg2 g5 12. Bxe5 Nxe5 13. Qd4 f6 14.
O-O-O Rd8 15. Qe3 Be7 16. Rxd8+ Kxd8 17. Rd1+ Kc8 18. Nxe5 Qxe5 19. Qxa7
Ba3 20. Qd4 Qxd4 21. Rxd4 Bc5 22. Rd2 h5 23. e3 Be6 24. Bf3 Kc7 25. Kc2 h4
26. b3 hxg3 27. hxg3 Rh2 28. Be4 Bb4 29. Kb2 Kb6 1/2-1/2

[Event "World Cup"]
[Site "Khanty-Mansiysk RUS"]
[Date "2007.11.30"]
[Round "3.1"]
[White "Grischuk,A"]
[Black "Bareev,E"]
[Result "1/2-1/2"]
[WhiteElo "2715"]
[BlackElo "2653"]
[EventDate "2007.11.24"]

1. e4 c6 2. d4 d5 3. Nc3 dxe4 4. Nxe4 Bf5 5. Ng3 Bg6 6. h4 h6 7. Nf3 Nd7 8.
h5 Bh7 9. Bd3 Bxd3 10. Qxd3 e6 11. Bd2 Ngf6 12. O-O-O Bd6 13. Ne4 Nxe4 14.
Qxe4 Qe7 15. Kb1 O-O-O 16. c4 Bc7 17. Bc3 Kb8 18. Qe2 Rhe8 19. Rhe1 Qf8 20.
a3 Qg8 21. Qc2 Nf6 22. Rh1 Ng4 23. Ne5 Nxe5 24. dxe5 Rxd1+ 25. Rxd1 g6 26.
hxg6 fxg6 27. Rd3 Qg7 28. Rf3 Bxe5 29. Bxe5+ Qxe5 30. Qxg6 Rd8 31. Re3 Qf4
32. Qg3 1/2-1/2

[Event "World Cup"]
[Site "Khanty-Mansiysk RUS"]
[Date "2007.12.01"]
[Round "3.2"]
[White "Nisipeanu,LD"]
[Black "Ivanchuk,V"]
[Result "1/2-1/2"]
[WhiteElo "2668"]
[BlackElo "2787"]
[EventDate "2007.11.24"]

1. e4 c5 2. Nf3 d6 3. d4 cxd4 4. Nxd4 Nf6 5. Nc3 a6 6. Be3 e5 7. Nb3 Be6 8.
Qd2 Nbd7 9. O-O-O Be7 10. f4 Ng4 11. g3 Nxe3 12. Qxe3 Nf6 13. Kb1 Qc7 14.
Be2 h6 15. g4 exf4 16. Qxf4 Nd7 17. Nd4 Bf6 18. Nxe6 fxe6 19. Qxd6 Qxd6 20.
Rxd6 Ke7 21. Rhd1 Rad8 22. Bc4 Nc5 23. Rxd8 Rxd8 24. Rxd8 Kxd8 25. b4 Bxc3
26. bxc5 Kd7 27. c6+ Kxc6 28. Bxe6 b6 29. a3 Kc5 1/2-1/2

[Event "World Cup"]
[Site "Khanty-Mansiysk RUS"]
[Date "2007.12.01"]
[Round "3.2"]
[White "Sasikiran,K"]
[Black "Macieja,B"]
[Result "1/2-1/2"]
[WhiteElo "2661"]
[BlackElo "2606"]
[EventDate "2007.11.24"]

1. d4 Nf6 2. c4 e6 3. Nc3 Bb4 4. Qc2 d5 5. cxd5 Qxd5 6. Nf3 Qf5 7. Qxf5
exf5 8. a3 Bd6 9. g3 Be6 10. Bf4 Nd5 11. e3 Nxf4 12. gxf4 c6 13. O-O-O Nd7
14. d5 cxd5 15. Nxd5 Rc8+ 16. Kb1 Rc5 17. Nc3 Ke7 18. Nd4 Nf6 19. Bg2 Bd7
20. Rc1 Rb8 21. Rc2 a6 22. Rd1 Rcc8 23. Nb3 b5 24. Rcd2 b4 25. axb4 Bxb4
26. Rxd7+ Nxd7 27. Nd5+ Ke8 28. Bf1 a5 29. Nd4 Bc5 30. Ba6 Bxd4 31. Bxc8
Bxb2 32. Bxd7+ Kxd7 33. Ka2 a4 34. Nb4+ Ke6 35. Na6 Rc8 36. Kxb2 Rc4 37.
Rd2 f6 38. Ka3 g5 39. fxg5 fxg5 40. Nb4 Rh4 41. f3 f4 42. exf4 Rxf4 43. Rf2
g4 44. Re2+ Kf5 45. fxg4+ Kxg4 46. Nd3 Rd4 47. Re3 Kh4 48. Ne1 Kh5 49. Ng2
Rg4 50. Rh3+ Kg6 51. Ne3 Rd4 52. Rg3+ Kh5 53. Rf3 Rh4 54. Nf1 Kg4 55. Rg3+
Kf4 56. Rc3 Kg5 57. Rc5+ Kg4 58. Kxa4 Kh3+ 59. Kb3 Rf4 60. Nd2 Kxh2 61. Kc3
Kg3 62. Kd3 Kg4 63. Ke3 Rf5 64. Rc4+ Kg5 65. Ne4+ Kg6 66. Rc6+ Kg7 67. Ng3
Ra5 68. Kf4 Kf7 69. Nf5 Ra1 70. Nd6+ Ke7 71. Ne4 Rh1 72. Ra6 Rh4+ 73. Kf5
Rh5+ 74. Kg4 Rh1 75. Nf6 Rg1+ 76. Kf5 Rf1+ 77. Ke5 Re1+ 78. Ne4 Kf7 79. Rb6
h5 80. Kf5 Rf1+ 81. Kg5 Rg1+ 82. Kxh5 Ke7 83. Ng5 Rh1+ 84. Kg4 Rf1 85. Nf3
Ra1 86. Kf5 Rf1 87. Ke4 Ra1 88. Rh6 Kd7 89. Ne5+ Ke7 90. Nc4 Re1+ 91. Ne3
Kd7 92. Rh3 Ke6 93. Kf4 Kd6 94. Rh6+ Kc5 95. Ke4 Rg1 96. Rh5+ Kc6 97. Kd4
Ra1 98. Rh6+ Kd7 99. Nf5 Ra4+ 100. Ke5 Ra5+ 101. Ke4 Ra4+ 102. Nd4 Ra1 103.
Rb6 Rh1 104. Ke5 Rh5+ 105. Nf5 Rh1 106. Kd5 Rd1+ 107. Nd4 Ke7 108. Re6+ Kf7
109. Re2 Kf6 110. Rf2+ Ke7 111. Rf4 Rd2 112. Rf1 Rd3 113. Ra1 Kf6 114. Ra6+
Ke7 115. Rb6 Rd1 116. Rh6 Rd3 117. Rh1 Kf6 118. Ke4 Ra3 119. Rh6+ Kf7 120.
Rb6 Ra1 121. Nf3 Ke7 122. Kf5 Rf1 123. Kf4 Ra1 124. Ke4 Rh1 125. Ke5 Rh5+
126. Kf4 Rh1 127. Nd4 Rf1+ 128. Ke5 Re1+ 129. Kd5 Rd1 130. Rb3 Kf6 131. Rb2
Ke7 132. Re2+ Kd7 133. Rh2 1/2-1/2